LEADER 01227nam a2200313 a 4500 001 000000056963 003 CaOOAMICUS 005 20130613095457.0 008 010424s1995 it u000 u ita r 020 $a8815050752 035 $a10886450 040 $aPUL$bita 100 1 $aProdi, Romano.$0(OLS)http://pul/name/20796 245 13$aIl capitalismo ben temperato /$cRomano Prodi. 260 $aBologna :$bIl Mulino,$c©1995. 300 $a88 p. ;$c18 cm 490 1 $aTendenze ;$v04 650 4$aEconomia$xStudi.$0(OLS)http://pul/subject/19077 830 0$aTendenze ;$v04.$0(OLS)http://pul/title/76219 850 $aPUL 852 $aPUL$W1$xDP1 Altre Collocazioni$y17$mSenza collocazione$j12$nBK-PRI$b $qStampati$B74619$CPULBib$Z2$F74619 $H $81 852 $aPUL$W1$xDP1 Fondo E. Rossi$y115$m1 P 67$j154503$a2. copia$qFondi$B154052$CPULBib$Z2$F154052 $82 941 1 $a8 941 1 $a1 961 $aSul dorso collocazione ms. di E. Rossi: P 31 4 996 $6020$a8815050752$9(OLS)http://pul/number/71911 996 $6245$aIl capitalismo ben temperato$9(OLS)http://pul/title/76218 996 $6260$aBologna :$bIl Mulino$9(OLS)http://pul/publisher/47928 LEADER 00957nam a2200253 u 4500 001 000000084010 003 CaOOAMICUS 005 20070226124031.0 008 050606s1956 fr u000 u fre u 035 $a11048728 040 $aPUL(R)$bita 100 1 $aSérouya, Henri.$0(OLS)http://pul/name/16987 245 13$aLe mysticisme /$cpar Henri Sérouya. 260 $aParis :$bPresses Universitaires de France,$c1956. 300 $a126 p. ;$c18 cm 490 1 $aQue sais-je? 504 $aBibliografia: p. 127. 650 4$aMisticismo.$0(OLS)http://pul/subject/2407 830 0$aQue sais-je?.$0(OLS)http://pul/title/1057 850 $aPUL 852 $aPUL$W1$xDP1 Fondo Cecchetti$y53$m268 C 62$j106871$nBK-PRI$b $qFondi$B106871$CPULBib$Z2$F106871 $HPUL2573 $81 941 1 $a1 996 $6245$aLe mysticisme$9(OLS)http://pul/title/109384 996 $6260$aParis :$bPresses Universitaires de France$9(OLS)http://pul/publisher/47940